Title in the Lyrics - Katy Perry Songs - Statistics

General Stats
  • This quiz has been taken 142 times
  • The average score is 14 of 30
Answer Stats
Song Lyric % Correct
I got the eye of the tiger / A fighter / Dancing through the fire 'Cause I am a champion and you're gonna hear me {Roar}
100%
You make me feel / Like I'm livin' / A {Teenage} {Dream} / The way you turn me on / I can't sleep / Let's run away and don't ever look back,
88%
{I} {Kissed} {A} {Girl} and I liked it / The taste of her cherry chapstick / {I} {Kissed} {A} {Girl} just to try it
85%
{California} {Gurls} / We're undeniable / Fine, fresh, fierce / We got it on lock / West Coast represent /
83%
'Cause you're {Hot} then you're {Cold} / You're "Yes" then you're "No" / You're in then you're out
83%
Baby, do you dare to do this? / 'Cause I'm coming at you like a {Dark} {Horse} / Are you ready for, ready for / A perfect storm, perfect storm?
79%
'Cause, baby, you're a {Firework} / Come on, let your colors burst / Make 'em go, "Ah, ah, ah" / You're gonna leave 'em all in awe, awe, awe
78%
This is the {Part} {Of} {Me} / That you're never gonna ever take away from me, no / Throw your sticks and your stones
70%
{Last} {Friday} {Night} / Yeah, we maxed our credit cards / And got kicked out of the bar / So we hit the boulevard
69%
In another life, I would make you stay / So I don't have to say you were {The} {One} {That} {Got} {Away}
65%
{Swish}, {Swish}, bish / Another one in the basket / Can't touch this / Another one in the casket
60%
Boy, you're an alien / Your touch, so foreign / It's supernatural / {Extraterrestrial}. (Also {E}.{T} is an expected answer)
56%
Fresh out the oven / Melt in your mouth kind of lovin' Bon a—, {Bon} {Appétit}, baby (Woo)
49%
So make (So make) a wish (A wish) / I'll make it like your {Birthday} every day
44%
There is no fear now / Let go and just be free / I will love you {Unconditionally} / Come just as you are to me
44%
(I'm {Wide} {Awake}) Yeah, I was in the dark / I was falling hard / With an open heart
37%
Stumbling around like a wasted zombie, yeah / We think we're free (Aha) / Drink, this one's on me / We're all {Chained} {To} {The} {Rhythm}
37%
Shut up and put your money where your mouth is / That's what you get for {Waking} {Up} {In} {Vegas}
34%
There's pink and purple in the sky-y-y / We're ridin' {Harleys} {in} {Hawaii}-i-i
30%
Two years and just like that / My head still takes me back / Thought it was done, but I / Guess it's {Never} {Really} {Over}
28%
So I don't wanna be / {One} {Of} {The} {Boys} / One of your guys / Just give me a chance to prove to you tonight
25%
They tell me that I'm crazy, but I'll never let 'em change me 'Til they cover me in {Daisies}, {Daisies}, {Daisies}
22%
This is no mistake, no accident / When you think the final nail is in / Think again / Don't be surprised / I will still {Rise}
22%
Just want a cozy, a {Cozy} {Little} {Christmas} here with you / I don't need anything / Take back all the Cartier, and the Tiffany's and the Chanel
18%
Yeah, she's so in demand (In demand) / Takes you miles high, so high / 'Cause she's got that one {International} {Smile}
17%
And now you're just a {Ghost} / When I look back never would have known that / You could be so cold
16%
Are you gonna be the one that's on my mind? {365}, all the time / I want you to be the one to stay
14%
'Cause when I'm with him, I am (Oh) / {Thinking} {Of} {You} / Oh, what you would do if / You were the one who was
14%
{By} {The} {Grace} {Of} {God} / There was no other way / I picked myself back up / I knew I had to stay
12%
'Cause I've {Never} {Worn} {White} / But I wanna get it right / Yeah, I really wanna try with you
11%
No matching quizzes found
Score Distribution
Percent of People with Each Score
Percentile by Number Answered
Your Score History
You have not taken this quiz